000 00940nam a2200277 a 4500
001 000015389
003 DO-SdBNP
005 20260325092010.0
007 ta
008 100208s2001 dr 001 0 spa d
020 _a9993433187
040 _aDO-SdBNP
_bspa
_cBNPHU
049 _aBNPD
082 4 _a323
_bM385b
_222
100 1 _aMartínez Portorreal, Ramón B.,
_d1943-
_934763
245 1 0 _aEn busca del defensor del pueblo :
_bla prehistoria de la creación del ombudsman dominicano /
_cRamón B. Martínez Portorreal.
260 _aSanto Domingo :
_bMediabyte,
_c2001.
300 _a165 p. ;
_c22 cm.
500 _aIncluye datos biográficos del autor en la contracubierta
504 _aBibliografía : 165
590 _aInventariado, 2023/BT
650 0 _aDefensor del pueblo
_zRepública Dominicana
_934764
650 0 _aPoder judicial
_9556
650 4 _aPolítica y administración de justicia
_934765
942 _2ddc
_cLBS1
999 _c14951
_d14951